00986 2200313 4500001002100000005001500021035002000036007000300056008004100059020002200100040002200122082001500144084001700159090002200176100004200198245010800240250003700348300004000385650001500425700002600440850001200466504003400478264004200512336002100554337003000575338002300605999002200628990002200650INLIS00000000089561020250428031651 a0010-0425000859ta250428s2024 yoia g ind d a978-623-8621-11-8 aYOPDYOGbinderda04223a616.39 a616.39 DEW m aCB-D.11 2024-63040 aDewi Laelatul BadriahcHj.epengarang10aMengatasi stunting melalui pendekatan multisektoral /cHj. Dewi Laelatul Badriah; Penyunting, Hariyanti aCetakan Pertama : September 2024 avii, 171 halaman :bgambar ;c23 cm 4aMalnutrisi0 aHariyantiePenyunting aYOPDYOG aBibliografi : halaman 165-168 aBantul :bMitra Edukasi Negeri,c2024 2rdacontentateks 2rdamediaatanpa perantara 2rdacarrieravolume aCB-D.11/2024-6304 aCB-D.11/2024-6304